| 000 | 00611nam a2200121Ia 4500 | ||
|---|---|---|---|
| 008 | 220620s9999||||xx |||||||||||||| ||und|| | ||
| 100 | _aZecker, Robert M. | ||
| 245 | 0 |
_aRace and America's Immigrant Press _bHow the Slovaks were Taught to Think Like White People |
|
| 546 | _aEnglish[eng] | ||
| 650 | _aHistory||Media & Communications||Lynching||Slavs||Slovaks||United States | ||
| 856 | _uhttps://library.oapen.org/bitstream/20.500.12657/29694/1/1000251.pdf||https://library.oapen.org/bitstream/20.500.12657/29694/1/1000251.pdf||https://library.oapen.org/bitstream/20.500.12657/29694/1/1000251.pdf | ||
| 942 | _cEB | ||
| 999 |
_c32755 _d32755 |
||